000 00490nam a2200181Ia 4500
005 20250423100406.0
008 250422s9999 xx 000 0 und d
020 _a9780859413985
050 _aHD 9560.5 .J66/
100 _aJones, Peter Ellis
245 0 _aOil: a practical guide to the economics of world petroleum
260 _aEngland
260 _bWoodhead-Faulkner Limited
260 _c2015
300 _a347 p
650 _a Petroleum industry and trade.
942 _cBK
999 _c33166
_d33166